| 000 | 01581nam0a22003731 4500 | ||
|---|---|---|---|
| 001 | rc\2141509 | ||
| 005 | 20260407071954.0 | ||
| 035 | _a(NLR Aleph) 006702061 | ||
| 090 |
_a5254459 _c5254459 |
||
| 100 | _a20110829d1979 |||y0rusy50 ca | ||
| 101 | 0 | _arus | |
| 102 | _aRU | ||
| 105 | _ay z |||c| | ||
| 200 | 1 |
_aАфриканский город _e(Критич. очерк зарубеж. концепций) _f[С.И. Кузнецова, Ю.И. Комар, В.А. Бейлис] |
|
| 210 |
_aМосква _cНаука _d1979 |
||
| 215 |
_a296 с. _d21 |
||
| 300 | _aВ надзаг.: АН СССР, ИНИОН | ||
| 300 | _aАвт. указаны на обороте тит. л. | ||
| 300 | _aРез. англ. | ||
| 320 | _aБиблиогр.: с. 273-284 (396 назв.) | ||
| 320 | _aУказ. имен: с. 285-287 | ||
| 606 |
_aНаселение городское _yАфрика _2psbo |
||
| 606 |
_aГорода _yАфрика _2psbo |
||
| 700 | 1 |
_8rus _7ca _aКузнецова _bС. И. _cд-р ист. наук _f1923-2010 _gСофья Иосифовна _3RU\NLR\AUTH\7745353 _928291 |
|
| 701 | 1 |
_aКомар _bЮ.И. _gЮрий Игоревич |
|
| 701 | 1 |
_aБейлис _bВ.А. _gВиктор Александрович |
|
| 712 | 0 | 2 |
_aИнститут научной информации по общественным наукам _cМосква _3RU\NLR\AUTH\88992 _9272425 |
| 801 | 0 |
_aRU _bNLR _gpsbo |
|
| 801 | 1 |
_aRU _bELAR _2rusmarc |
|
| 852 |
_aNLR _j80-5/2689 |
||
| 899 |
_aRuMoRGB _jБ 79-37/504 |
||
| 899 |
_aRuMoRGB _jБ 79-37/505 |
||
| 942 | _cBOOK | ||
| 980 | _aNB | ||